MDQL
is popping MORE tags! Check the
thread
!
Quizzes
Events
Quiz Creation
Community
Videos
Private Events
Remove Ads
Sign In
Join for FREE
Feedback
Dark Mode
Quiz Categories
Sports
Geography
Music
Movies
Television
Just For Fun
Miscellaneous
History
Literature
Language
Science
Gaming
Entertainment
Religion
Holiday
For Kids
Quiz Lab
Recent
Popular Today
Quiz Kudos Today
Editor Picks
Curator Picks
Quizzes by...
Day
Popularity
Type
Ratings
Length
Year
Community
Subscriptions
Recent Discussions
Orange Saloon
Badges
Playlists
Quests
Create
Leaderboards
Showdown
Live 5
Trivia Bingo
Activity
Puzzle Library
Sporcle Events
Private Events
Virtual Trivia
Globe League
Become a Host
Pub Owners
SporcleCon
Opinionation
Our Games
Videos
Blog
Mobile Apps
Partnerships
Remove Ads and Go Orange
Feedback
Geography
Country
Landmarks
City
State
Population
World
Capital
Continent
Flags
Europe
Africa
Asia
South America
North America
Oceania
Border
Canada
United Kingdom
Topography
United States
Geography
Country
Landmarks
City
State
Population
World
Capital
Continent
Flags
Europe
Africa
Asia
South America
North America
Oceania
Border
Canada
United Kingdom
Topography
United States
Random Quiz
Search Sporcle
×
Quiz Lab
Quiz Lab
Geography
Country
Type in answers that appear in a list
Type in answers that appear in a list
Classic
Best Score? Go Orange.
Island Capitals of the World Stats
Can you name the Capitals of the Island Countries of the World?
By
hatula
8m
41 Questions
667 Plays
667 Plays
667 Plays
Comments
Comments
Give Quiz Kudos
Give Quiz Kudos
-
- Ratings
hide this ad
Replay
Link that replays current quiz
Next Quiz
Link to next quiz in quiz playlist
You Got
0%
They Got
Avg Score
77%
Avg Friend Score
Upgrade to see
Score Distribution
Jump to the score distribution portion of the page
Score
0/41
Timer
08:00
0
Plays Today
Island Country
Capital
% Correct
Australia
Canberra
95.4%
Cuba
Havana
93%
Japan
Tokyo
91.6%
Jamaica
Kingston
89.5%
Cyprus
Nicosia
89.2%
New Zealand
Wellington
88.6%
Indonesia
Jakarta
87.7%
Bahamas
Nassau
87.4%
Bahrain
Manama
87.1%
Philippines
Manila
86.2%
Singapore
Singapore
85.8%
Antigua and Barbuda
St John's
85.5%
Fiji
Suva
85.5%
Iceland
Reykjavik
85.2%
Maldives
Male
84.9%
Cape Verde
Praia
83.1%
Barbados
Bridgetown
82.5%
Comoros
Moroni
82.2%
Malta
Valletta
82.2%
Taiwan
Taipei
81.1%
Seychelles
Victoria
80.7%
Island Country
Capital
% Correct
Madagascar
Antananarivo
79.8%
Sao Tome and Principe
Sao Tome
79.8%
Dominica
Roseau
76.9%
Mauritius
Port Louis
76.2%
Trinidad and Tobago
Port of Spain
75.9%
Grenada
St George's
75.4%
Sri Lanka
Colombo
73.3%
Saint Lucia
Castries
70.3%
Samoa
Apia
69.4%
Saint Vincent & the Grenadies
Kingstown
68.8%
Kiribati
Tarawa
68.7%
Marshall Islands
Majuro
67.9%
Tuvalu
Funafuti
66.3%
Saint Kitts and Nevis
Basseterre
65.5%
Vanuatu
Port Vila
65.5%
Micronesia
Palikir
64.3%
Nauru
Yaren
63%
Tonga
Nuku Alofa
62.7%
Solomon Islands
Honiara
61.5%
Palau
Melekeok
60.1%
Quiz Playlist
Details
Report
Send in Message
Add To Playlist
Classic:
Type in answers that appear in a list
Last Updated: Feb 16, 2017
Quiz Scoreboard
CHALLENGE
Sign Up to Join the Scoreboard
Show All
Scores
Hide
Comments
May contain spoilers
Recently Published
Two Season TV Shows II
by 123Four
Television
10m
Image Sorting: Flags VI
by Barbecue
Geography
2m
Find the 'City' Movie
by crazypaving
Movies
60s
More to Explore
Quiz From the Vault
Featured Blog Post
14 Easter Pick-up Lines to Find Eggs With
hide this ad
You Might Also Like...
Tags
Capital Quiz
Country Quiz
island
Island Countries
Island Nation
Today's Top Quizzes in Geography
Browse Geography
hide this ad
Today's Top Quizzes in Country
Browse Country
Top Contributed Quizzes in Geography
1
Colored Red Europe Blitz I
2
Countries of the World - No Outlines Minefield
3
Colored Red Africa Blitz II
4
Colored Red Europe Blitz II
5
Colored Red Europe Blitz III
6
Colored Red Africa Blitz III
7
Colored Red States Blitz I
8
A Different View: World Oceans
9
Colored Red States Blitz II
10
Colored Red States Blitz III
Explore More
Trending Topics
Kpop
NBA
Harry Potter
Crossword
Disney
Marvel
Anime
WWE
Soccer
Country
The Office
Puzzle
Song
Pokémon
NFL
hide this ad
More By:
hatula
Quiz
Plays
Rating
Category
Featured
Created
Island Capitals of the World
667
3.50
Geography
Mar 12, 2013
Capitals and Countries of the Middle East
137
2.25
Geography
Mar 12, 2013
Go to Creator's Profile
Score Distribution
Quiz Creator Spotlight
hatula
Follow
Send a Message
Quizzes Created
-
Created Quiz Play Count
-
More By This Creator
Popular Quizzes Today
1
Find the US States - No Outlines Minefield
2
Colored Red Africa Blitz
3
Find the 'City' Movie
4
5x2 Blitz: Bands
5
The Countries of the World
6
Find the Countries of Europe - No Outlines Minefield
7
Find the US States
8
US States
More Geography Quizzes
Are We There Yet? (Slideshow)
Editor's Pick
Trending Quizzes
Colored Red Europe Blitz I
Colored Red Africa Blitz II
Colored Red Europe Blitz II
Colored Red Africa Blitz III
Colored Red Europe Blitz III
Recently Updated
How Do You Spell That?
pecheneg
Godzilla Movies
pecheneg
Grab Bag: 4-10 Letters
pecheneg
2024 March Madness Bracket
pecheneg
Famous TV Couples
Peacemaker
Champions League XIs: Real Madrid
pecheneg
Largest US Cities 1790-2010
pecheneg
Rides in Walt Disney World
pecheneg
Most Oscar Losses (Acting)
pecheneg
Beyoncé Albums
pecheneg
Trending Topics
Marvel
Kpop
Disney
Crossword
NBA
Anime
Harry Potter
Pokémon
Country
NFL
Puzzle
Song
WWE
The Office
Soccer
Your Account Isn't Verified!
In order to create a playlist on Sporcle, you need to verify the email address you used during registration. Go to your
Sporcle Settings
to finish the process.
Report this User
Report this user for behavior that violates our
Community Guidelines
.
Details:
Send Report
Go to the Sporcle.com Mobile Site →
Comments